00689nam a2200217 a 450000100100000000500170001000800410002702000150006804000250008308200170010824500600012526000300018530000250021549000170024049000310025750000730028850400330036170000290039483000170042383000310044000004266820201002040319.0140204s1973 sp 000 0 spa d a8430620621 aDO-SdBNPbspacBNPHU axxxxxbxxxxx10aBenito Pérez Galdós /cedición Douglas M. Rogers. aMadrid, :bTaurus,c1973. avi, 485 p. ;c21 cm.1 aPersilesv621 aEl escritor y la crítica aIncluye referencias bibliográficas y notas al pie de las páginas aBibliografías : p. 481-4851 aM. Rogers, Douglas,eed. 0aPersilesn62 0aEl escritor y la crítica